Effect of altitude on the establishment of two cover crops in Meghalaya (Record no. 48552)

MARC details
000 -LEADER
fixed length control field 00570nam a2200205Ia 4500
100 ## - MAIN ENTRY--AUTHOR NAME
Personal name Deka H.K.
245 #0 - TITLE STATEMENT
Title Effect of altitude on the establishment of two cover crops in Meghalaya
260 ## - PUBLICATION, DISTRIBUTION, ETC. (IMPRINT)
Name of publisher Indian Journal of Natural Rubber Research
Year of publication 1991
300 ## - PHYSICAL DESCRIPTION
Number of Pages 146-149
650 ## - SUBJECT ADDED ENTRY--TOPICAL TERM
Topical Term Cover crop
650 ## - SUBJECT ADDED ENTRY--TOPICAL TERM
Topical Term Meghalaya
650 ## - SUBJECT ADDED ENTRY--TOPICAL TERM
Topical Term Mucuna bracteata
650 ## - SUBJECT ADDED ENTRY--TOPICAL TERM
Topical Term Pueraria phaseoloides
700 ## - ADDED ENTRY--PERSONAL NAME
Personal name Potty S.N.
700 ## - ADDED ENTRY--PERSONAL NAME
Personal name Saseendran S.A.
700 ## - ADDED ENTRY--PERSONAL NAME
Personal name Sinha R.R.
700 ## - ADDED ENTRY--PERSONAL NAME
Personal name Thapliyal A.P.
942 ## - ADDED ENTRY ELEMENTS (KOHA)
Koha item type Bibliography STAF
Holdings
Withdrawn status Lost status Damaged status Not for loan Home library Current library Shelving location Date acquired Serial Enumeration / chronology Koha item type
      Bibliography RRII Library RRII Library Agronomy 09/04/2014 Volume 4, Issue 2 Bibliography STAF